Latin Legal Terms - Statistics

General Stats
  • This quiz has been taken 8 times
  • The average score is 3 of 9
Answer Stats
Hint Answer % Correct
Bona fide In good faith
60%
Pro bono For the public good
40%
Prima facie On the face of it
40%
Ratio decidendi Reason behind the decision
40%
Pro rata In proportion
20%
Re In regard to
20%
Re ipsa loquitur It speaks for itself
20%
Ex pos facto On the facts
20%
Obiter dicta Other things said
20%
No matching quizzes found
Score Distribution
Percent of People with Each Score
Percentile by Number Answered
Your Score History
You have not taken this quiz